| 000 | 00909nam a2200301 a 4500 | ||
|---|---|---|---|
| 001 | 21396 | ||
| 003 | VRT | ||
| 005 | 20260228135854.0 | ||
| 008 | 070814s1952 xo g 000 1 slo d | ||
| 035 | _aa000371028 | ||
| 039 | 9 |
_a201708310952 _bfuskovaz _c201111101140 _djuso _c200708141334 _djuso |
|
| 040 |
_aUKB _bslo _cUKB _eAACR2 |
||
| 041 | 0 | _aslo | |
| 044 |
_axo _cSK |
||
| 100 | 0 |
_aTimrava, _d1867-1951 |
|
| 245 | 1 | 0 |
_aSkúsenosť _cTimrava |
| 250 | _a1. vyd. | ||
| 260 |
_aMartin _bMatica slovenská _c1952 |
||
| 300 | _a340 s. | ||
| 530 | _aDostupný aj zvukový záznam | ||
| 776 | 0 |
_tSkúsenosť _i[zvukový záznam] |
|
| 910 | _aukb | ||
| 942 |
_2ddc _cKLDO _n0 |
||
| 949 |
_61800338730 _a22.D.32056 _bKD.5157-67 |
||
| 949 |
_61800352523 _a22.D.32056 _bKD.5158-67 |
||
| 949 |
_6371028-20 _a20.D.02358 _bPV.64-53 _orevízna strata č.8265-79 _s4700:20150414 |
||
| 949 |
_61800669581 _aS.D.03058 _bPV.63-53 |
||
| 999 |
_c21396 _d21396 |
||